Critical historical studies. (Record no. 208111)
[ view plain ]
| 000 -CABECERA | |
|---|---|
| campo de control de longitud fija | 00868cas a2200289 i 4500 |
| 001 - NÚMERO DE CONTROL | |
| campo de control | 17612552 |
| 003 - IDENTIFICADOR DEL NÚMERO DE CONTROL | |
| campo de control | UPN |
| 005 - FECHA Y HORA DE LA ÚLTIMA TRANSACCIÓN | |
| campo de control | 20210623140603.0 |
| 007 - CAMPO FIJO DE DESCRIPCIÓN FÍSICA--INFORMACIÓN GENERAL | |
| campo de control de longitud fija | t| |
| 008 - DATOS DE LONGITUD FIJA--INFORMACIÓN GENERAL | |
| campo de control de longitud fija | 130204c20149999ilufr p | a0eng |
| 022 0# - NÚMERO INTERNACIONAL NORMALIZADO PARA PUBLICACIONES SERIADAS | |
| Número Internacional Normalizado para Publicaciones Seriadas | 2326-4462 |
| Fuente | 1 |
| 035 ## - NÚMERO DE CONTROL DEL SISTEMA | |
| Número de control de sistema | (OCoLC)ocn826636445 |
| 040 ## - FUENTE DE CATALOGACIÓN | |
| Agencia de catalogación original | DLC |
| Idioma de catalogación | eng |
| Agencia que realiza la transcripción | DLC |
| Agencia que realiza la modificación | DLC |
| -- | OCoLC |
| -- | CU-S |
| -- | OCLCF |
| -- | DLC |
| Convenciones de la descripción | rda |
| 050 00 - SIGNATURA TOPOGRAFICA DE LA BIBLIOTECA DEL CONGRESO (LC) | |
| Número clasificador | D1 |
| Número del ítem | .C75 |
| 222 #0 - TÍTULO CLAVE | |
| Título clave | Critical historical studies |
| 245 00 - MENCIÓN DE TÍTULO | |
| Título | Critical historical studies. |
| 246 1# - FORMA VARIANTE DEL TÍTULO | |
| Título propiamente dicho/forma breve del título | CHS |
| 310 ## - PERIODICIDAD ACTUAL | |
| Frecuencia actual de la publicación | Twice a year |
| 650 #0 - ASIENTO SECUNDARIO DE MATERIA - TERMINO TEMÁTICO | |
| Término temático o nombre geográfico como elemento de entrada | History |
| Subdivisión de forma | Periodicals. |
| 650 #0 - ASIENTO SECUNDARIO DE MATERIA - TERMINO TEMÁTICO | |
| Término temático o nombre geográfico como elemento de entrada | Social history |
| Subdivisión de forma | Periodicals. |
| 650 #7 - ASIENTO SECUNDARIO DE MATERIA - TERMINO TEMÁTICO | |
| Término temático o nombre geográfico como elemento de entrada | History. |
| Fuente del encabezamiento o término | fast |
| Número de control del registro de autoridad | (OCoLC)fst00958235 |
| 650 #7 - ASIENTO SECUNDARIO DE MATERIA - TERMINO TEMÁTICO | |
| Término temático o nombre geográfico como elemento de entrada | Social history. |
| Fuente del encabezamiento o término | fast |
| Número de control del registro de autoridad | (OCoLC)fst01122498 |
| 710 2# - ASIENTO SECUNDARIO--NOMBRE DE ENTIDAD CORPORATIVA | |
| Nombre corporativo o de jurisdicción como elemento de entrada | University of Chicago. |
| Unidad subordinada | Press. |
| 710 2# - ASIENTO SECUNDARIO--NOMBRE DE ENTIDAD CORPORATIVA | |
| Nombre corporativo o de jurisdicción como elemento de entrada | Chicago Center for Contemporary Theory. |
| 942 ## - ELEMENTOS DE PUNTO DE ACCESO ADICIONAL (KOHA) | |
| Fuente del sistema de clasificación o colocación | Library of Congress Classification |
| Tipo de ítem Koha | Revista no encuadernada |
No items available.
